000 00262nam a22001217a 4500
008 170503b xxu||||| |||| 00| 0 eng d
041 _aeng
080 _25 ED
_a342
100 _a13
101 _aSHJ
245 _aBUSSINESSS LAW
_cMILLER.R.L
942 _2udc
_cBK
999 _c12576
_d12576